| 000 | 00648nam a2200181Ia 4500 | ||
|---|---|---|---|
| 008 | 100920s9999 xx 000 0 und d | ||
| 082 |
_b87851 _a580 थ 46 |
||
| 100 | _aकालेलकर काकासाहेब. | ||
| 245 | _aहिंदूचें समाजकारण. | ||
| 260 |
_bसुलभ राष्ट्रीय ग्रंथमाला ,पुणे. _c1946 |
||
| 300 |
_a144 _bसाधी |
||
| 365 | _b2.25 | ||
| 520 | _aशाई. | ||
| 630 | _aहिंदूचें समाजकारण. | ||
| 650 | _aशाई. | ||
| 730 | _aहिंदूचें समाजकारण. | ||
| 942 | _cBOOK | ||
| 999 |
_c728360 _d728357 |
||